MCSE:Exchange server 5.5 Study Guide (Record no. 24228)
[ view plain ]
| 000 -LEADER | |
|---|---|
| fixed length control field | 00339nam a22001337a 4500 |
| 003 - CONTROL NUMBER IDENTIFIER | |
| control field | NUST |
| 008 - FIXED-LENGTH DATA ELEMENTS--GENERAL INFORMATION | |
| fixed length control field | 140509b xxu||||| |||| 00| 0 eng d |
| 020 ## - INTERNATIONAL STANDARD BOOK NUMBER | |
| Terms of availability | Available |
| 038 ## - RECORD CONTENT LICENSOR | |
| Staff Name | Nusrat Nadeem |
| 082 ## - DEWEY DECIMAL CLASSIFICATION NUMBER | |
| Classification number | 004.12 |
| 100 ## - MAIN ENTRY--PERSONAL NAME | |
| Personal name | Richard Easlick |
| 9 (RLIN) | 13758 |
| 245 ## - TITLE STATEMENT | |
| Title | MCSE:Exchange server 5.5 Study Guide |
| Statement of responsibility, etc. | Richard Easlick |
| 942 ## - ADDED ENTRY ELEMENTS (KOHA) | |
| Source of classification or shelving scheme | |
| Koha item type | Book |
| Withdrawn status | Lost status | Source of classification or shelving scheme | Damaged status | Not for loan | Permanent Location | Current Location | Shelving location | Date acquired | Full call number | Barcode | Date last seen | Price effective from | Koha item type |
|---|---|---|---|---|---|---|---|---|---|---|---|---|---|
| NUST Baluchistan Campus (NBC) | NUST Baluchistan Campus (NBC) | General Stacks | 05/09/2014 | 004.6EAS | RCMS001007 | 05/09/2014 | 05/09/2014 | Book |
